New perspectives on Microsoft Office PowerPoint 2007 / (Record no. 300866)
[ view plain ]
| 000 -LEADER | |
|---|---|
| fixed length control field | 00673nam a2200241Ia 4500 |
| 008 - FIXED-LENGTH DATA ELEMENTS--GENERAL INFORMATION | |
| fixed length control field | 160901s9999 xx 000 0 und d |
| 020 ## - INTERNATIONAL STANDARD BOOK NUMBER | |
| International Standard Book Number | 978-1-4239-0591-2 |
| 050 ## - LIBRARY OF CONGRESS CALL NUMBER | |
| Classification number | ComSc T 385 |
| 050 ## - LIBRARY OF CONGRESS CALL NUMBER | |
| Item number | .Z56 2008 |
| 100 ## - MAIN ENTRY--PERSONAL NAME | |
| Personal name | Zimmerman, Beverly B. |
| 245 ## - TITLE STATEMENT | |
| Title | New perspectives on Microsoft Office PowerPoint 2007 / |
| 245 ## - TITLE STATEMENT | |
| Statement of responsibility, etc | Beverly B. Zimmerman, S. Scott Zimmerman. |
| 260 ## - PUBLICATION, DISTRIBUTION, ETC. (IMPRINT) | |
| Place of publication, distribution, etc | Boston, MA : |
| 260 ## - PUBLICATION, DISTRIBUTION, ETC. (IMPRINT) | |
| Name of publisher, distributor, etc | Thomson Course Tech., |
| 260 ## - PUBLICATION, DISTRIBUTION, ETC. (IMPRINT) | |
| Date of publication, distribution, etc | 2005 |
| 300 ## - PHYSICAL DESCRIPTION | |
| Extent | 88 pages : |
| 300 ## - PHYSICAL DESCRIPTION | |
| Other physical details | col. ill. ; |
| 300 ## - PHYSICAL DESCRIPTION | |
| Dimensions | 27 cm. |
| 440 ## - SERIES STATEMENT/ADDED ENTRY--TITLE | |
| Title | New perspectives series |
| 500 ## - GENERAL NOTE | |
| General note | Includes index. |
| 650 ## - SUBJECT ADDED ENTRY--TOPICAL TERM | |
| Topical term or geographic name as entry element | Microsoft Word 2007. |
| 650 ## - SUBJECT ADDED ENTRY--TOPICAL TERM | |
| General subdivision | Word processing. |
| Withdrawn status | Lost status | Damaged status | Home library | Current library | Shelving location | Date acquired | Total Checkouts | Full call number | Barcode | Date last seen | Price effective from | Koha item type |
|---|---|---|---|---|---|---|---|---|---|---|---|---|
| South Mansfield College | South Mansfield College | 02/04/2008 | ComSc T 385 .Z56 2008 | SMC05070 | 09/01/2016 | 09/01/2016 |